[Event "CAT-ch Open-Women 2019"]
[Site "Platja de la Pineda"]
[Date "2019.04.19"]
[Round "3"]
[White "Munoz, Miguel"]
[Black "Esplugas Esteve, Vicenc"]
[Result "1-0"]
[WhiteElo "2509"]
[BlackElo "2297"]
[Annotator "ChessBase"]
[PlyCount "87"]
[EventDate "2019.04.18"]
[EventType "swiss"]
[EventCountry "ESP"]
[SourceTitle "playchess.com"]
[Source "ChessBase"]
[SourceQuality "1"]
[TimeControl "5400+30"]

1. e4 e6 2. d4 d5 3. Nd2 Be7 4. Bd3 c5 5. dxc5 Nf6 6. exd5 Qxd5 7. Ngf3 Nbd7 8. b4 a5 9. Bc4 Qc6 10. c3 b6 11. a4 bxc5 12. b5 Qc7 13. Qe2 O-O 14. Bb3 Bb7 15. O-O Nd5 16. Bxd5 Bxd5 17. c4 Bxf3 18. Nxf3 Bf6 19. Bb2 Bxb2 20. Qxb2 Qf4 21. Qd2 Qxd2 22. Nxd2 Nb6 23. Rfc1 Rfc8 24. Nb3 e5 25. f3 f5 26. Kf2 Kf7 27. Ke3 Ke6 28. Kd3 Ra7 29. Kc3 Rd7 30. Nxa5 Ra7 31. Nc6 Rxa4 32. Rxa4 Nxa4+ 33. Kb3 Nb6 34. Re1 e4 35. fxe4 f4 36. Rd1 Rf8 37. e5 Nc8 38. Rd5 f3 39. gxf3 Rxf3+ 40. Kc2 Rh3 41. Rxc5 Rxh2+ 42. Kc3 Rh3+ 43. Kb4 Rd3 44. Na5 1-0

[Event "CAT-ch Open-Women 2019"]
[Site "Platja de la Pineda"]
[Date "2019.04.19"]
[Round "3"]
[White "Gonzalez Garcia, Jose"]
[Black "Garcia Ramos, Daniel"]
[Result "1-0"]
[WhiteElo "2492"]
[BlackElo "2286"]
[Annotator "TA"]
[PlyCount "61"]
[EventDate "2019.04.18"]
[EventType "swiss"]
[EventCountry "ESP"]
[SourceTitle "playchess.com"]
[Source "ChessBase"]
[SourceQuality "1"]

{[%evp 12,61,30,22,30,35,34,12,36,31,30,31,34,43,40,33,43,37,39,41,69,69,69,69,69,69,69,69,77,72,70,68,130,117,138,120,132,120,197,172,205,191,421,406,382,340,697,640,902,893,945,797]} 1. d4 d5 2. c4 c6 3. Nf3 Nf6 4. e3 e6 5. b3 Bd6 6. Bb2 Nbd7 7. Bd3 Ne4 {A06: Réti Opening:1 Nf3 d5} (7... O-O 8. Nbd2 b6 9. O-O Bb7 10. Qe2 c5 11. Rad1 Ne4 12. cxd5 exd5 13. Ba6 Bxa6 14. Qxa6 Re8 15. dxc5 Ndxc5 16. Qe2 Rc8 17. Rc1 Bf8 18. Rfd1 Qe7 {½-½ (45) Radjabov,T (2710)-Ding,L (2773) Moscow 2017}) 8. O-O f5 9. Ba3 Qe7 {The position is equal.} 10. Bxd6 Qxd6 11. Qc2 O-O 12. Nc3 b6 $146 ({Predecessor:} 12... Rf6 13. Qb2 Rh6 14. g3 Qe7 15. Ne2 Ndf6 16. Ne5 Bd7 {1-0 (43) Santos Latasa,J (2582)-Gil Quilez,S (2066) Linares 2018}) 13. Rac1 ({Of course not} 13. Bxe4 fxe4 14. Nd2 Ba6 $11) 13... Bb7 14. Qb2 Rac8 15. b4 Kh8 16. Ne2 Qe7 17. c5 Rb8 {[%cal Rb6c5]} 18. Qc2 a5 19. a3 $1 {[%cal Ba2a3,Ba3b4,Bb4b5,Bb5c6][%mdl 32]} Ra8 20. Rb1 axb4 21. axb4 Ra3 (21... g5 $14) 22. cxb6 $16 Nxb6 23. Ne5 Rfa8 24. Nf4 Qe8 (24... Rc3 $16 25. Qd1 Kg8) 25. Bxe4 $1 $18 fxe4 {[#]} 26. b5 $1 {[%mdl 512]} Na4 $2 (26... Ra2 {was necessary.} 27. Qc1 Nc4) (26... cxb5 27. Qc7) 27. bxc6 Ba6 28. Ra1 {[%cal Bb1a1,Ba1a3,Ba3b3][%mdl 32]} Bxf1 $2 (28... Bd3) 29. Rxa3 {White is clearly winning.} Bb5 30. h4 Kg8 31. Rb3 {Accuracy: White = 89%, Black = 35%.} 1-0

[Event "CAT-ch Open-Women 2019"]
[Site "Platja de la Pineda"]
[Date "2019.04.19"]
[Round "3"]
[White "Diaz Camallonga, Carles"]
[Black "Martin Barcelo, Carles"]
[Result "1-0"]
[WhiteElo "2432"]
[BlackElo "2030"]
[Annotator "TA"]
[PlyCount "73"]
[EventDate "2019.04.18"]
[EventType "swiss"]
[EventCountry "ESP"]
[SourceTitle "playchess.com"]
[Source "ChessBase"]
[SourceQuality "1"]

{[%evp 15,73,6,53,42,45,35,66,64,66,58,57,63,94,67,70,50,73,75,73,73,91,89,125,60,82,64,118,113,105,112,282,271,293,272,691,497,1508,1395,1673,1668,1587,1610,1544,1255,1150,851,862,856,829,829,823,795,1741,1726,29973,6607,29987,29988,29990,810]} 1. e4 e6 2. d4 d5 3. Nc3 Nf6 4. Bg5 Be7 5. e5 Nfd7 6. Bxe7 Qxe7 7. f4 O-O 8. Nf3 a6 9. Bd3 {And now Bxh7+! would win. C14: French: Classical System: 4 Bg5 Be7 main line} f6 10. exf6 (10. h4 fxe5 11. fxe5 h6 12. Ne2 c5 13. c3 Nc6 14. Qd2 Rf7 15. O-O-O Nf8 16. Nf4 Bd7 {1-0 (28) Mirzoev,E (2476)-Naumkin,I (2418) Novi Sad 2019}) 10... Qxf6 11. Ne2 {White is slightly better.} c5 12. c3 Nc6 13. O-O b5 14. Rc1 $146 ({Predecessor:} 14. Ne5 Ndxe5 15. dxe5 Qh6 16. Qd2 Nxe5 {1-0 (60) Rohde,M (2360)-Berry,D (2280) Lone Pine 1976}) 14... c4 15. Bb1 Qe7 16. Qd2 Nf6 17. Rce1 Bd7 18. Ng3 Rae8 {[#]} 19. Ne5 ({Better is} 19. Nf5 $1 $16 {[%mdl 512]} Qd8 (19... exf5 20. Rxe7) 20. Nd6) 19... Qd6 20. Qe2 a5 (20... b4 $14) 21. Rf3 $16 b4 {[#]} 22. Re3 $1 Bc8 $2 {[#]} (22... Re7 $16 23. f5 exf5) 23. Nh5 $1 $18 {[%cal Rh5f6] Strongly threatening Nxf6+.} Re7 24. Rg3 {Threatens to win with Qc2.} Kh8 $2 (24... Ne4) 25. Rh3 Qc7 (25... Ne4 $142 26. Bxe4 dxe4 27. Ng6+ {[%mdl 64] Double Attack} Kg8) 26. Nxf6 gxf6 27. Ng6+ $1 {[%mdl 64] Double Attack} Kg8 28. Nxe7+ Qxe7 29. Rxh7 {White wants to mate with Qg4+.} Rf7 30. Qg4+ Rg7 31. Rxg7+ Qxg7 32. Qh5 Qf7 33. Bg6 Qa7 34. Re3 Nxd4 35. cxd4 {White threatens Bc2 and mate.} c3 36. bxc3 bxc3 37. Qh7+ {Accuracy: White = 76%, Black = 32%.} (37. Rxc3 $142 Ba6 38. Rg3 Qxd4+ 39. Kh1 Kf8 40. Qh8+ Ke7 41. Qe8+ Kd6 42. Qb8+ Kc5 43. Qc7+ {[%mdl 64] Double Attack} Kb4 44. Rb3+ Ka4 45. Be8+ Bb5 46. Bxb5#) 1-0

[Event "CAT-ch Open-Women 2019"]
[Site "Platja de la Pineda"]
[Date "2019.04.19"]
[Round "3"]
[White "Perez Mitjans, Orelvis"]
[Black "Garcia Jimenez, Francisco Javier"]
[Result "1/2-1/2"]
[WhiteElo "2377"]
[BlackElo "2254"]
[Annotator "TA"]
[PlyCount "92"]
[EventDate "2019.04.18"]
[EventType "swiss"]
[EventCountry "ESP"]
[SourceTitle "playchess.com"]
[Source "ChessBase"]
[SourceQuality "1"]

{[%evp 10,92,13,15,28,20,36,0,0,0,19,23,28,25,51,-12,-24,-76,-54,-66,-70,-137,-143,-173,-52,-81,0,0,0,-13,0,0,14,0,0,0,0,-56,0,-93,-109,-172,-109,-125,-125,-164,-177,-171,63,62,66,91,67,72,84,0,0,0,0,0,0,-23,0,-29,-10,-12,0,0,0,0,0,0,0,0,0,0,0,0,0,0,0,0,0,0,0]} 1. e4 c6 2. d4 d5 3. e5 Bf5 4. Nd2 e6 5. Nb3 Nd7 6. Nf3 Ne7 {B12: Caro-Kann: Advance Variation} 7. Be2 c5 8. dxc5 Nc6 9. O-O Bxc5 10. Nxc5 Nxc5 11. Nd4 Bg6 12. c4 $146 ({White should try} 12. Nxc6 $14 bxc6 13. Be3) ({Predecessor:} 12. Nxc6 bxc6 13. Be3 Nd7 14. f4 c5 15. c4 d4 {0-1 (38) Vachier Lagrave,M (2789)-Mamedyarov,S (2808) Stavanger 2018}) 12... Nxe5 $11 13. f4 (13. cxd5 $11 Qxd5 14. Nb5 Qxd1 15. Rxd1) 13... Nxc4 14. f5 exf5 15. b3 (15. Nxf5 $15 O-O 16. Nxg7 $1 {[%mdl 512]}) 15... Nd6 $1 $17 16. h4 Qxh4 (16... Nce4 $19 17. h5 Ng3) 17. Nb5 $1 $15 {[%cal Rb5d6]} Nce4 (17... Qd8 $17 {And now ...Nde4 would win.} 18. Qxd5 Nde4 19. Qe5+ Kf8) 18. Ba3 $36 {[%mdl 2048] Black is under pressure.} O-O $1 {...Nxb5 is the strong threat.} 19. Bxd6 Rfd8 20. Bf4 d4 21. Rc1 ({But not} 21. Nxd4 $2 Nc3 $19) 21... a6 22. Nc7 Rac8 23. Qd3 ({Better is} 23. Rc4 $11) 23... Nc3 (23... Rd7 $1 $15) 24. Rxc3 (24. g3 $1 $11 Qe7 {[%mdl 64] Double Attack} 25. Bf3) 24... dxc3 $17 25. Qxc3 (25. Nd5 $17 {might work better.}) 25... Bh5 (25... Rd7 $1 $19 26. Qa5 Rdxc7 $1 {[%mdl 512]} 27. Bxc7 Qe7 {[%mdl 64] Double Attack} 28. Bxa6 (28. Be5 $2 Rc5 $19) 28... Qxc7 29. Qxc7 Rxc7) 26. Bc4 Qe7 $1 {[%cal Re7c5] aiming for ...Qc5+.} 27. Qg3 b5 $1 {[%cal Rb5c4]} 28. Bd3 Rxd3 $2 ({Black should play} 28... Bg4 $19 {White must now prevent ...f6.} 29. Re1 Qd7) 29. Qxd3 $14 Rxc7 30. Bxc7 Qxc7 31. Qxf5 $19 {[%mdl 4096] Endgame KQR-KQB} Bg6 {[#]} 32. Qd5 (32. Re1 $1 $16 {[%cal Re1e8][%mdl 512]} h5 33. Re8+ Kh7 34. Qc8 Qb6+ 35. Kh1) 32... Qb6+ $11 33. Kh1 {White wants to mate with Qa8+.} h6 34. Rc1 Qe3 35. Qc5 Qe2 (35... Qd2 {with more complications.} 36. Qc3 Qxa2 37. Re1 h5 38. Kh2 Qf2) 36. a4 bxa4 37. bxa4 {The position is equal.} Kh7 {Strongly threatening ...Be4!} (37... Be4 {keeps more tension.} 38. Qc8+ Kh7 39. Qh3 Qf2 40. Rc7 Qf4) 38. Qc4 Qh5+ 39. Kg1 Qg5 40. Re1 Qd2 41. Re8 Qd1+ 42. Kh2 Qd6+ 43. Kh1 Qd1+ 44. Kh2 Qd6+ 45. Kh1 Qd1+ 46. Kh2 Qd6+ {Accuracy: White = 47%, Black = 43%.} 1/2-1/2

[Event "CAT-ch Open-Women 2019"]
[Site "Platja de la Pineda"]
[Date "2019.04.19"]
[Round "3"]
[White "Barbero Sendic, Alejandro"]
[Black "Guerra Mendez, Jose Angel"]
[Result "1/2-1/2"]
[WhiteElo "2361"]
[BlackElo "2531"]
[Annotator "ChessBase"]
[PlyCount "37"]
[EventDate "2019.04.18"]
[EventType "swiss"]
[EventCountry "ESP"]
[SourceTitle "playchess.com"]
[Source "ChessBase"]
[SourceQuality "1"]
[TimeControl "5400+30"]

1. e4 c5 2. Nf3 d6 3. Bb5+ Nd7 4. Ba4 Ngf6 5. O-O g6 6. d3 Bg7 7. c4 O-O 8. h3 Nb6 9. Bc2 e5 10. Nc3 Nh5 11. Rb1 Nf4 12. b4 cxb4 13. Rxb4 g5 14. Nh2 f5 15. exf5 Bxf5 16. Be3 Kh8 17. a4 d5 18. Bxb6 axb6 19. Nxd5 1/2-1/2

[Event "CAT-ch Open-Women 2019"]
[Site "Platja de la Pineda"]
[Date "2019.04.19"]
[Round "3"]
[White "Herrera Reyes, Jose Antonio"]
[Black "Moskalenko, Viktor"]
[Result "1/2-1/2"]
[WhiteElo "2355"]
[BlackElo "2515"]
[Annotator "TA"]
[PlyCount "132"]
[EventDate "2019.04.18"]
[EventType "swiss"]
[EventCountry "ESP"]
[SourceTitle "playchess.com"]
[Source "ChessBase"]
[SourceQuality "1"]

{[%evp 13,132,-11,-4,-21,-21,-34,-11,-24,-8,-17,-10,-69,-58,-64,-56,-51,-57,-61,-60,-49,-57,-84,-40,-77,-70,-79,-47,-112,-99,-97,-98,-112,-85,-96,-31,-38,0,0,0,0,0,-106,-65,-119,-85,-93,0,0,0,0,0,0,0,0,1,8,3,-19,0,0,5,5,5,6,22,0,0,0,0,0,0,0,0,0,0,0,0,0,0,0,0,0,0,0,0,0,0,0,0,0,0,0,0,0,0,0,0,0,0,0,0,0,0,0,0,0,0,0,0,0,0,0,0,0,0,0,0,0,0,0,0]} 1. Nf3 d5 2. g3 Nf6 3. Bg2 e6 4. d3 Be7 5. O-O O-O 6. Nbd2 c5 7. c3 Nc6 8. a3 {A08: King's Indian Attack} a5 9. b3 (9. a4 b6 10. Nb1 h6 11. Na3 Bb7 12. Qb3 Rb8 13. Nb5 e5 14. Nd2 Qd7 15. e4 d4 {½-½ (37) Vajda,L (2600)-Antal,G (2517) Zalakaros 2017}) 9... b6 10. Bb2 Bb7 $146 ({Predecessor:} 10... Ba6 11. Qc2 Rc8 12. Rfe1 Qd7 13. Rad1 d4 14. c4 Ng4 15. h3 Nh6 16. e4 dxe3 17. fxe3 Qc7 18. Nf1 Bd6 19. g4 {½-½ (19) Brestian,E (2415)-Weinzettl,E (2360) Austria 2004}) 11. Qc2 Qc7 12. b4 (12. e3 $11) 12... axb4 13. axb4 cxb4 14. cxb4 Bxb4 15. Rfb1 Bc5 16. Bxf6 gxf6 17. Rxa8 Bxa8 (17... Rxa8 {with more complications.} 18. Nb3 Bd6 19. Qd2 Ra4 20. Qd1 Rb4) 18. d4 Bd6 19. e4 Na5 (19... Ne7 $5 {[%cal Rc7c2]} 20. Ne1 Rd8 $17) 20. Qd3 ({White should try} 20. Ne1 $15) 20... dxe4 $17 21. Nxe4 Be7 22. Ned2 Rc8 23. Qb5 Bd8 (23... Kg7 $17) 24. Nh4 $15 Bxg2 25. Nxg2 Qc6 {...Qxb5 is the strong threat.} 26. Qe2 Nc4 {[%cal Ba5c4,Bc4d6,Bd6f5][%mdl 32]} 27. Nf1 (27. Rc1 $11 b5 28. Ne3) 27... Nd6 28. Qg4+ ({White should play} 28. Re1 $15) 28... Kh8 29. Re1 Qc2 {[#]} (29... b5 $17 30. Nfe3 Qe4) 30. d5 $1 $11 {[%cal Rd5e6][%mdl 512] The position is equal.} Qf5 (30... exd5 31. Nfe3) 31. Qxf5 Nxf5 32. dxe6 fxe6 33. Rxe6 Kg7 34. Nf4 Kf7 35. g4 Nh4 {[#] Hoping for ...Rc4.} 36. Rd6 Rc4 37. Rxd8 {aiming for Rd7+.} Rxf4 {[%mdl 4096] Endgame KRN-KRN} 38. Ne3 Rb4 39. Rd7+ Kg6 40. h3 h5 41. Kh2 {Black must now prevent Kg3.} hxg4 42. hxg4 {And now Kg3 would win.} Nf3+ 43. Kg3 Ne5 44. Rd6 Rb3 45. Kg2 b5 46. Rd4 Kf7 47. Rf4 Ke6 48. Re4 {Strongly threatening f4.} Kf7 49. f4 Ng6 50. f5 Ne7 51. Kf2 b4 52. Ke2 Rb1 53. Kd2 Rb2+ 54. Kc1 Re2 55. Kd1 Rb2 56. Nc4 Rb3 57. Nd2 Rg3 58. Rxb4 Nd5 59. Rb7+ Ke8 60. Ke2 Rxg4 61. Kd3 Rf4 62. Ne4 Kf8 63. Nd6 Ne7 64. Rb8+ Kg7 65. Rb7 Kf8 66. Rb8+ Kg7 {Accuracy: White = 59%, Black = 67%.} 1/2-1/2

[Event "CAT-ch Open-Women 2019"]
[Site "Platja de la Pineda"]
[Date "2019.04.19"]
[Round "3"]
[White "Hernando Rodrigo, Julio Antonio"]
[Black "Sosa Tomas, Valentin"]
[Result "0-1"]
[WhiteElo "2308"]
[BlackElo "2508"]
[Annotator "TA"]
[PlyCount "53"]
[EventDate "2019.04.18"]
[EventType "swiss"]
[EventCountry "ESP"]
[SourceTitle "playchess.com"]
[Source "ChessBase"]
[SourceQuality "1"]

{[%evp 23,53,0,-10,-16,-12,-15,-4,-53,-48,-56,-30,-47,0,0,-5,-2,-8,-27,-29,-25,-22,-39,-45,-53,-61,-85,-82,-214,-189,-222,-219,-364]} 1. d4 e6 2. c4 Nf6 3. Nf3 c5 4. d5 exd5 5. cxd5 g6 6. Nc3 d6 7. g3 Bg7 8. Bg2 O-O 9. O-O Re8 10. Nd2 Nbd7 11. Nc4 Nb6 12. Nxb6 Qxb6 13. e4 {A62: Modern Benoni: Fianchetto Variation without early ...Nbd7} (13. h3 Bf5 14. g4 Bd7 15. Qc2 h5 16. g5 Nh7 17. Kh2 Qa6 18. e4 b5 19. Rg1 b4 20. Bf1 c4 {0-1 (40) Erdelyi,Z (2357)-Prohaszka,P (2501) Heviz 2010}) 13... Ng4 14. h3 Ne5 15. Rb1 $146 {The position is equal.} ({Predecessor:} 15. Kh2 c4 16. Qc2 Nd3 17. Na4 Qa6 18. Bd2 b5 19. Nc3 b4 20. Nd1 Bd7 {0-1 (47) Bobusic,M (1886)-Jakovljevic,D (2062) Veliko Gradiste 2017}) 15... Bd7 16. b3 f5 17. Qc2 fxe4 18. Nxe4 Bb5 {aiming for ...Bd3.} 19. Rd1 Qa6 $1 $36 {[%mdl 2048] Black is pushing.} 20. Be3 Bd3 21. Rxd3 Nxd3 (21... Qxd3 $6 22. Qxd3 Nxd3 23. Nxd6 $16) 22. a3 Ne5 $1 23. Bg5 Nf7 {...Rxe4! is the strong threat.} 24. Bf6 {[#]} Rxe4 $1 {[%mdl 512]} 25. Bxg7 (25. Bf1 $17 b5 26. Bxg7) (25. Qxe4 Bxf6) 25... Re2 $19 ({Weaker is} 25... Kxg7 26. Qxe4 Qxa3 27. Qe7 $15) ({But not} 25... Qxa3 $2 26. Bb2 $18 (26. Qxe4 Kxg7 27. Qe7 Qa2 $15)) 26. Qc3 Ne5 27. Bh6 {Accuracy: White = 22%, Black = 81%.} (27. Bxe5 $142 Rxe5 28. Re1) 0-1

[Event "CAT-ch Open-Women 2019"]
[Site "Platja de la Pineda"]
[Date "2019.04.19"]
[Round "3"]
[White "Jimenez Ruano, Adrian"]
[Black "Ruperez, Miguel"]
[Result "1-0"]
[WhiteElo "2287"]
[BlackElo "2168"]
[Annotator "ChessBase"]
[PlyCount "101"]
[EventDate "2019.04.18"]
[EventType "swiss"]
[EventCountry "ESP"]
[SourceTitle "playchess.com"]
[Source "ChessBase"]
[SourceQuality "1"]
[TimeControl "5400+30"]

1. e4 c5 2. Nf3 e6 3. d4 cxd4 4. Nxd4 Nc6 5. Nc3 Qc7 6. g3 a6 7. Bg2 d6 8. O-O Bd7 9. Be3 Nf6 10. Nce2 Ne5 11. b3 Neg4 12. Bc1 e5 13. Nf5 d5 14. h3 g6 15. Nh4 Nxf2 16. Rxf2 Nxe4 17. Bxe4 dxe4 18. Be3 Bxh3 19. Qd5 Be6 20. Qxe4 f5 21. Qh1 Bg7 22. Nf3 O-O-O 23. Rc1 h6 24. Nh4 Qf7 25. Rcf1 Bf6 26. Nc3 Qg7 27. Na4 Kb8 28. Nc5 Bd5 29. Qh2 Rhe8 30. Rd2 Bc6 31. Rfd1 Rxd2 32. Qxd2 f4 33. Qd6+ Ka8 34. Ne6 fxe3 35. Nxg7 Bxg7 36. Qd3 Bf6 37. Qxe3 Bg5 38. Qe2 e4 39. Nxg6 e3 40. Nf4 Re4 41. Rd3 Be7 42. Ng2 h5 43. Rxe3 Bc5 44. Kh2 Bxe3 45. Nxe3 Re8 46. Qf2 Rd8 47. Kh3 Re8 48. Kh4 Re5 49. Nc4 Re8 50. Kxh5 Rh8+ 51. Kg5 1-0

[Event "CAT-ch Open-Women 2019"]
[Site "Platja de la Pineda"]
[Date "2019.04.19"]
[Round "3"]
[White "Pena Morales, Hugo"]
[Black "Valenzuela Gomez, Fernando"]
[Result "1/2-1/2"]
[WhiteElo "2276"]
[BlackElo "2406"]
[Annotator "NA"]
[PlyCount "51"]
[EventDate "2019.04.18"]
[EventType "swiss"]
[EventCountry "ESP"]
[SourceTitle "playchess.com"]
[Source "ChessBase"]
[SourceQuality "1"]
[TimeControl "5400+30"]

1. e4 c6 2. d4 d5 3. Nc3 dxe4 4. Nxe4 Nf6 5. Nxf6+ exf6 6. Nf3 Bd6 7. Be2 O-O 8. O-O Re8 9. h3 Nd7 10. c4 Nf8 11. Be3 Be6 12. Qd2 Qd7 13. d5 cxd5 14. cxd5 Bxh3 15. Nd4 Ng6 16. f4 Qe7 17. Kf2 Bd7 18. g3 Bc5 19. Rac1 Qd6 20. Nf5 Bxe3+ 21. Nxe3 Qb6 22. Rfd1 Rac8 23. Rxc8 Rxc8 24. Qd4 Qxd4 25. Rxd4 Kf8 26. Rd1 1/2-1/2

[Event "CAT-ch Open-Women 2019"]
[Site "Platja de la Pineda"]
[Date "2019.04.19"]
[Round "3"]
[White "Chueca Forcen, Alberto"]
[Black "Ayats Llobera, Gerard"]
[Result "1/2-1/2"]
[WhiteElo "2270"]
[BlackElo "2363"]
[Annotator "TA"]
[PlyCount "98"]
[EventDate "2019.04.18"]
[EventType "swiss"]
[EventCountry "ESP"]
[SourceTitle "playchess.com"]
[Source "ChessBase"]
[SourceQuality "1"]

{[%evp 15,98,19,29,0,0,0,0,0,2,-13,-1,-16,-3,-5,-9,-20,0,-19,-23,-24,-30,-21,-28,-31,-20,-34,-27,-31,-21,-18,-16,-18,0,0,27,27,72,72,70,48,48,49,64,26,41,43,58,46,46,33,36,8,8,8,8,8,8,8,15,2,74,74,74,74,130,130,130,16,20,8,8,8,8,8,8,8,8,8,8,7,8,8,8,8,8]} 1. d4 Nf6 2. c4 c6 3. Nc3 d5 4. Nf3 e6 5. Bg5 Nbd7 6. e3 Qa5 7. cxd5 Nxd5 8. Qd2 N7b6 9. Nxd5 {D52: Queen's Gambit Declined: Cambridge Springs Variation} (9. Bd3 Nxc3 10. bxc3 Nd5 11. O-O Qxc3 12. Qe2 Bd6 13. Nd2 Qa5 14. Nc4 Qc7 15. Nxd6+ Qxd6 16. Bh4 O-O 17. Bg3 Qd7 18. Rac1 {1-0 (61) Fressinet,L (2693)-Stojanovic,M (2579) Switzerland 2012}) 9... Qxd2+ 10. Nxd2 exd5 11. Bd3 Bd6 12. O-O Be6 13. Rfc1 a5 14. Nb3 $146 ({Predecessor:} 14. Rc2 a4 15. f3 O-O 16. e4 f6 {0-1 (59) Pavlidou,E (2192)-Cvetkovic,S (2346) Plovdiv 2014}) 14... Nc4 15. Rc2 b6 16. Nd2 f6 17. Bh4 {[%cal Rd2c4]} Nxd2 18. Rxd2 c5 19. dxc5 bxc5 20. Bb5+ Ke7 21. Bg3 Rhd8 22. Rad1 Bxg3 23. hxg3 a4 24. Bc6 Rab8 25. Bxa4 d4 26. exd4 Rxd4 27. b3 Rxd2 28. Rxd2 $14 {[%mdl 4096] Endgame KRB-KRB} c4 29. Rc2 Rb4 30. a3 Rb8 31. bxc4 Ra8 32. Bb5 Rxa3 33. Rd2 Ra1+ 34. Kh2 Rc1 35. f3 h5 ({Reject} 35... Bxc4 $6 36. Rd7+ Ke6 37. Rc7 $16) 36. Ra2 g5 37. Ra6 h4 (37... g4 $11) 38. gxh4 $16 gxh4 {[#]} 39. Ra7+ $1 Kf8 {[#]} (39... Kd6 $142) 40. Rh7 $1 h3 41. g4 (41. gxh3 $16 {Hoping for Rh4.} Bxc4 42. Bxc4 Rxc4 43. Ra7) 41... f5 $11 {The position is equal.} 42. Rxh3 {Threatening gxf5.} fxg4 43. fxg4 Bxc4 44. Rh8+ Kg7 45. Rc8 Rc2+ 46. Kg3 Bd3 47. Rb8 Rb2 48. Rb7+ Kf8 49. Ba6 Rxb7 {Accuracy: White = 47%, Black = 67%.} 1/2-1/2

[Event "CAT-ch Open-Women 2019"]
[Site "Platja de la Pineda"]
[Date "2019.04.19"]
[Round "3"]
[White "Bravo Barranco, Narcis"]
[Black "Calle Ordonez, Albert"]
[Result "1-0"]
[WhiteElo "2252"]
[BlackElo "1998"]
[Annotator "NA"]
[PlyCount "65"]
[EventDate "2019.04.18"]
[EventType "swiss"]
[EventCountry "ESP"]
[SourceTitle "playchess.com"]
[Source "ChessBase"]
[SourceQuality "1"]
[TimeControl "5400+30"]

1. e4 c6 2. d4 d5 3. e5 c5 4. dxc5 e6 5. Nf3 Bxc5 6. Bd3 Nc6 7. a3 Bb6 8. O-O f6 9. Bf4 g5 10. Bg3 f5 11. h3 Qe7 12. Kh1 Qg7 13. Nc3 Nh6 14. Re1 f4 15. Bh2 Bxf2 16. Re2 Be3 17. Nb5 O-O 18. Bg1 Bxg1 19. Qxg1 Nf7 20. Rae1 a6 21. Nbd4 Bd7 22. Nxc6 bxc6 23. Qc5 Nh6 24. Nd4 Kh8 25. Qd6 Rae8 26. Rf1 c5 27. Qxc5 g4 28. Qd6 Rg8 29. hxg4 Nxg4 30. Rf3 Re7 31. Rh3 Ne3 32. Bxh7 Qxh7 33. Qxe7 1-0

[Event "CAT-ch Open-Women 2019"]
[Site "Platja de la Pineda"]
[Date "2019.04.19"]
[Round "3"]
[White "Ventura Bolet, Alexandre"]
[Black "Garcia De Blas, Esteban"]
[Result "1-0"]
[WhiteElo "2191"]
[BlackElo "1989"]
[Annotator "NA"]
[PlyCount "88"]
[EventDate "2019.04.18"]
[EventType "swiss"]
[EventCountry "ESP"]
[SourceTitle "playchess.com"]
[Source "ChessBase"]
[SourceQuality "1"]
[TimeControl "5400+30"]

1. Nf3 d5 2. c4 c6 3. e3 Nf6 4. Nc3 g6 5. d4 Bg7 6. Qc2 O-O 7. Bd3 Re8 8. O-O Nbd7 9. cxd5 Nxd5 10. Nxd5 cxd5 11. Bd2 e5 12. dxe5 Nxe5 13. Nxe5 Rxe5 14. Bc3 Re7 15. Bxg7 Kxg7 16. Qc3+ Kg8 17. Rfd1 Bg4 18. Rd2 Qb6 19. Bf1 Rc8 20. Qd4 Qxd4 21. Rxd4 Be6 22. Rad1 Rec7 23. f3 Rc1 24. Rxc1 Rxc1 25. Rd2 Kf8 26. Kf2 Ke7 27. Bb5 Rc7 28. a3 h6 29. Ba4 a6 30. Ke2 g5 31. Kd1 Kd6 32. Bb3 Ke5 33. g3 Rd7 34. Rd4 h5 35. Kd2 Kd6 36. h4 g4 37. fxg4 hxg4 38. e4 Ke5 39. Ke3 Rc7 40. exd5 Bf5 41. d6 Rd7 42. h5 f6 43. h6 Rh7 44. Rd5+ Ke6 1-0

[Event "CAT-ch Open-Women 2019"]
[Site "Platja de la Pineda"]
[Date "2019.04.19"]
[Round "3"]
[White "Montilla Carrillo, Esteban"]
[Black "Guix Torres, David"]
[Result "1-0"]
[WhiteElo "2178"]
[BlackElo "1972"]
[Annotator "ChessBase"]
[PlyCount "123"]
[EventDate "2019.04.18"]
[EventType "swiss"]
[EventCountry "ESP"]
[SourceTitle "playchess.com"]
[Source "ChessBase"]
[SourceQuality "1"]
[TimeControl "5400+30"]

1. d4 Nf6 2. Nf3 c5 3. d5 g6 4. c4 b5 5. Qc2 bxc4 6. e4 Bg7 7. Bxc4 d6 8. O-O O-O 9. h3 Nbd7 10. Rd1 Rb8 11. Nc3 Qb6 12. Qe2 Ne8 13. a4 Qa5 14. Ra3 Rb4 15. Na2 Rb8 16. b3 Qc7 17. a5 Ne5 18. Nxe5 Bxe5 19. Bb2 Bxb2 20. Qxb2 Nf6 21. Nc3 Bd7 22. Qd2 Rb4 23. Ra2 Rfb8 24. f4 e6 25. e5 dxe5 26. d6 Qc6 27. fxe5 Ne4 28. Nxe4 Qxe4 29. Re1 Qh4 30. Qe3 Bb5 31. Rf1 Bxc4 32. bxc4 Rxc4 33. Raf2 Rb7 34. a6 Rd7 35. Rf4 Rxf4 36. Rxf4 Qg5 37. h4 Qh6 38. g3 Qh5 39. Qxc5 Qd1+ 40. Rf1 Qa4 41. Rb1 Qxa6 42. Rb8+ Kg7 43. Qc8 Qxc8 44. Rxc8 a5 45. g4 g5 46. hxg5 a4 47. Ra8 a3 48. Kf2 h6 49. gxh6+ Kxh6 50. Rxa3 Kg5 51. Rf3 Kxg4 52. Rf6 Kg5 53. Ke3 Rxd6 54. exd6 Kxf6 55. Ke4 e5 56. Kd5 e4 57. Kc6 e3 58. d7 Ke5 59. d8=Q f5 60. Kc5 Ke4 61. Qd5+ Kf4 62. Qg2 1-0